000 00997cam a22003257a 4500
003 CHAP
005 20220817043126.0
008 971013s1986 r 00010 d
010 _a66338
011 _a67310
035 _a76780
040 _cCHAP
082 _a338.1
_bF3p 1990
110 _aFAO
245 0 _aProgramme for the 1990 world census of agriculture
260 _aRome :
_bFAO,
_c1986
300 _a119 p.
490 0 _aFAO. Desarrollo estadístico
_v; 2
590 _aBATCH-UPD
_b10
_c20130110
_lUCH01
_h0556
590 _aBATCH-UPD
_b10
_c20130410
_lUCH01
_h0237
590 _aBATCH-UPD
_b10
_c20130914
_lUCH01
_h0908
590 _aCONVERSION
_b10
_c20130109
_lUCH01
_h1337
650 1 4 _aAgricultura
_xEstadisticas.
_91417
650 1 4 _aGanado
_xEstadísticas.
_944913
700 0 _aCenso Agropecuario Mundial de 1990.
_920988
830 0 _aFAO. Desarrollo estadístico
_v; 2
901 _aBK
942 _cLIBRO
949 _a338.1 F3p 1990
_bBC
_cFAO
_d-29637
_eFAO1
_h73648
_i76780
_si
999 _c66338
_d66338